000 00364cam a22001097a 4500
008 180718b1992 xxu||||| |||| 00| 0 eng d
082 _aG22x54 In2/1989-91 (H)
245 _aIndian Parliament, 9th Lok Sabha, 1989-91: a study
_cby Lok Sabha Secretariat
260 _aNew Delhi
_bLok Sabha Secretariat
_c1992
300 _a163+p.
700 _aIndia. Lok Sabha Secretariat
999 _c491023
_d491023